[Event "Nordic-ch U20"]
[Site "Borgarnes"]
[Date "2019.02.17"]
[Round "6"]
[White "Falkevall, Axel"]
[Black "Sokka, Valtteri"]
[Result "1-0"]
[WhiteElo "2070"]
[BlackElo "1475"]
[PlyCount "129"]
[EventDate "2019.02.14"]
[EventType "swiss"]
[EventRounds "6"]
[EventCountry "ISL"]
[SourceTitle "CBM 189 Extra"]
[Source "ChessBase"]
[SourceDate "2019.06.03"]
[SourceVersion "1"]
[SourceVersionDate "2019.06.03"]
[SourceQuality "1"]

1. e4 e6 2. d4 d5 3. Nd2 c5 4. exd5 cxd4 5. Ngf3 Nf6 6. dxe6 Bxe6 7. Bd3 Bb4 8. 0-0 Bxd2 9. Bxd2 0-0 10. Bb4 Re8 11. Nxd4 Kh8 12. Nxe6 Rxe6 13. Bc3 Nc6 14. Re1 Rxe1+ 15. Qxe1 Qd6 16. h3 Re8 17. Qd2 Ne5 18. Bb5 Qxd2 19. Bxd2 Rd8 20. Bc3 Ng6 21. Re1 Kg8 22. Bxf6 gxf6 23. Re8+ Rxe8 24. Bxe8 Kf8 25. Bb5 Ke7 26. Bd3 Kd6 27. Bxg6 fxg6 28. Kf1 Kd5 29. Ke2 Ke4 30. c3 b5 31. g3 h6 32. f3+ Ke5 33. Ke3 g5 34. f4+ gxf4+ 35. gxf4+ Kd5 36. Kd3 f5 37. b3 a6 38. b4 Ke6 39. Kd4 Kd6 40. h4 Ke6 41. h5 Kd6 42. a3 Kd7 43. Kd5 Kc7 44. Ke5 Kc6 45. Kxf5 Kd5 46. Kg6 Kc4 47. f5 Kxc3 48. f6 Kb3 49. f7 Kxa3 50. f8Q Ka4 51. Qa8 Kxb4 52. Qxa6 Kc5 53. Qxb5+ Kxb5 54. Kxh6 Kc5 55. Kg7 Kd5 56. h6 Ke4 57. h7 Kd3 58. h8Q Kc2 59. Qh3 Kb1 60. Qg2 Ka1 61. Kf6 Kb1 62. Ke5 Ka1 63. Kd4 Kb1 64. Kc3 Ka1 65. Qb2# 1-0